000
00303nam a2200133Ia 4500
005
20251222144825.0
008
251222s9999||||xx |||||||||||||| ||spa||
020
_a
2-85587-163-8
082
_a
738.2/N51
100
_a
Nguyen, Michel
245
0
_a
Rebeyrolle:
264
_b
Galerie Lelong
942
_c
LIB
999
_c
20632
_d
20632